Normale Ansicht MARC-Ansicht ISBD

Ol'ginka 1864-1991 (Titelsatznr. 73760)

[ MARC ]
MARC-Details
000 -Satzkennung
Kontrollfeld mit fester Länge 00790nam a22002773u 4500
001 - Kontrollnummer
Kontrollfeld DHIM2026021908550057
003 - Kontrollnummer Identifier
Kontrollfeld RU-10907106
005 - Datum und Zeit der letzten Transaktion
Kontrollfeld 20260219090655.0
007 - Feld mit fester Länge zur physischen Beschreibung - Allgemeine Information
Kontrollfeld mit fester Länge tu
008 - Feld mit fester Länge zur physischen Beschreibung - Allgemeine Angaben
Kontrollfeld mit fester Länge 260219s2020 ru ||| ||| 000 0 rus d
020 ## - Internationale Standardbuchnummer
Verknüpfung 978-5-85271-741-2
Internationale Standardbuchnummer 9785852717412
040 ## - Katalogisierungsquelle
Original-Katalogisierungsstelle RU-10907106
Katalogisierungssprache ger
Übertragungsstelle RU-10907106
041 ## - Sprachcode
Sprachcode des Textes/der Tonspur oder des separaten Titels rus
100 1# - Haupteintragung - Personenname
Funktionsbezeichnungscode aut
Personenname Stark, Sergej
Koha-Normdatenidentnummer 68525
245 #0 - Titel
Titel Ol'ginka 1864-1991
Zusatz zum Titel Tajnaja istorija
264 #1 - Produktion, Veröffentlichung, Distribution, Herstellung und Urheberrechtsvermerk
Herstellungs-, Veröffentlichungs- Vertriebs-, Erzeugungsort Sankt-Peterburg
Produzent, Herausgeber, Distributor, Hersteller Dom pečati - vjatka
Datum der Herstellung, der Veröffentlichung, des Vertriebs oder des Urheberschutzvermerks 2020
300 ## - Physische Beschreibung
Umfang 336 Seiten
336 ## - Inhaltstyp
Quelle rdacontent
Inhaltstypterm Text
Inhaltstypcode txt
337 ## - Medientyp
Quelle rdamedia
Bezeichnung des Medientyps Ohne Hilfsmittel zu benutzen
Medientypcode n
338 ## - Datenträgertyp
Quelle rdacarrier
Datenträgertypbezeichnung Band
Datenträgertypcode nc
650 ## - Nebeneintragung unter einem Schlagwort - Sachschlagwort
Sachschlagwort oder geografischer Name als Eintragungselement Alltagsgeschichte
Koha-Normdatenidentnummer 24919
651 ## - Nebeneintragung unter einem Schlagwort - Geografischer Name
Geografischer Name Olginka,
Koha-Normdatenidentnummer 68526
651 ## - Nebeneintragung unter einem Schlagwort - Geografischer Name
Geografischer Name Kaukasus
651 ## - Nebeneintragung unter einem Schlagwort - Geografischer Name
Geografischer Name Russland
942 ## - Zusätzliche Felder (Koha)
Klassifikation oder Aufstellungssystematik Andere/Generische Klassifikation
Koha-Medientyp Monographien
Exemplare
Ausgeschieden Verloren Klassifikation oder Aufstellungssystematik Beschädigt Nicht entleihbar Heimatbibliothek Aufenthaltsbibliothek Erwerbungsdatum Inventarnummer Signatur Barcode Letzte Aktivität Preis gültig von Koha-Medientyp
    Andere/Generische Klassifikation     MWN Osteuropa MWS-Büro Georgien 13/11/2025 26-00029 R 60 k Sta 76692 19/02/2026 19/02/2026 Monographien